| 000 | 00767nam a2200241Ia 4500 | ||
|---|---|---|---|
| 003 | OSt | ||
| 005 | 20220629153806.0 | ||
| 008 | 210716s2013 xx 000 0 und d | ||
| 020 | _a9788126528042 | ||
| 040 | _cAIMIT LIBRARY | ||
| 041 | _aeng | ||
| 082 |
_a511.6 _21 _bDEBK |
||
| 100 |
_aDeb, Kalyanmoy. _946077 |
||
| 245 |
_aMulti objective optimization using evolutionary algorithms / _cBy Kalyanmoy Deb. |
||
| 250 | _a1st ed. | ||
| 260 |
_aNew Delhi : _bWiley India Pvt Ltd , _c2013. |
||
| 300 |
_axix,515p. ; _c23 cm. |
||
| 650 |
_aPrologue _946078 |
||
| 650 |
_aMulti objective optimization _946079 |
||
| 650 |
_aEvolutionary algorithms _946080 |
||
| 650 |
_aNon elitist multi objective evolutionary algorithms _946081 |
||
| 942 |
_2ddc _cBK _e1st _k511.6 DEBK |
||
| 999 |
_c193454 _d193454 |
||